00362nam a2200157Ia 4500008004000000041000800040082001100048100001700059245003200076260004000108300001200148650001100160650000700171650001100178650001500189210210b1962 xxu||||| |||| 00| 0 eng d aeng a270/52 aPOTHAN (S G) aSyrian christians of Kerala aBombaybAsia Publishing Housec1962 avii,119 aSyrian aof aKerala achristians